Os Novos Cinco e o tesouro escondido (Record no. 2046)

MARC details
000 -Etiqueta do registo
Valores 00888nam a2200289 4500
010 ## - Número ISBN
ISBN 9789895814961
021 ## - Número do Depósito Legal
Código do país Portugal
Número 546868/25
100 ## - Dados gerais de processamento
Dados gerais 20260212d2025 a||y0pory50030103ba
101 ## - Língua de publicação
Língua Português
102 ## - País de publicação
País Portugal
200 ## - Titulo e menção de responsabilidade
Título próprio Os Novos Cinco e o tesouro escondido
Primeira menção de responsabilidade Chris Smith
Outras menções de responsabilidade il. James Lancett
-- trad. Eugénia Antunes
205 ## - Menção da edição
Edição 1ª edição
210 ## - Publicação
Local de publicação Alfragide
Nome do editor Oficina do Livro
Data de publicação 2025
215 ## - Descrição física 
Paginação / Volumes 212, [12] p.
Outras indicações físicas il.
Dimensões 21 m
225 ## - Colecção 
Título próprio da colecção Os Novos Cinco
Indicação de volume 1
300 ## - Notas gerais 
Texto da nota BMB-Registado
304 ## - Nota relativa ao título
Texto de nota Tít. orig.: The new Famous Five and the forgotten treasure
606 ## - Nome comum usado como assunto
ID Autoridade 815
Palavra de ordem Literatura Juvenil
675 ## - CDU
Notação 087.5
Edição BMB
Língua por
700 ## - Autor principal (pessoa individual)
Apelido Chris
Nome Smith
Datas 1973-
ID Autoridade 2934
702 ## - Autor secundário (pessoa individual)
Apelido Lancett
Nome James
Função Ilustrador
ID Autoridade 2935
702 ## - Autor secundário (pessoa individual)
Apelido Antunes
Nome Eugénia
Datas 1972-
Função Tradutor
ID Autoridade 887
702 ## - Autor secundário (pessoa individual)
Apelido Blyton
Nome Enid
Datas 1897-1968
ID Autoridade 885
801 ## - Fonte de origem
País PT
Agência BMB
Regras de catalogação RPC
990 ## - Elementos KOHA
Tipo de documento Livro
Holdings
Situação do levantamento Estado Número Biblioteca de origem Código de barras Cota Permissão de empréstimo Tipo de documento Forma de aquisição
    1 Biblioteca Municipal de Borba 1996 087.5 BLY / NOV   Livro Compra
Biblioteca Municipal de Borba

Powered by Koha